Statistics for San Antonio Spurs: Top 10 All-Time Leaders

Click here to take the quiz!

General Stats

  • This quiz has been taken 579 times
    (224 since last reset)
  • The average score is 52 of 104

Answer Stats

Category#PlayerAmount% Correct
Points1Tim Duncan26,496
99%
Triple-Doubles5Tim Duncan4
99%
Games1Tim Duncan1,392
99%
Points Per Game10Tim Duncan19.0
99%
Blocks1Tim Duncan3,020
99%
Steals6Tim Duncan1,025
99%
Rebounds1Tim Duncan15,091
99%
Assists3Tim Duncan4,225
99%
Points4Tony Paker18,893
99%
Rebounds8Tony Parker3,313
99%
Games2Tony Parker1,198
99%
Three Pointers Made8Tony Parker506
99%
Steals5Tony Parker1,032
99%
Assists1Tony Parker6,829
99%
Triple-DoublesT7Tony Parker1
99%
Games3Manu Ginóbili1,057
98%
Triple-Doubles2David Robinson14
95%
Points Per Game3David Robinson21.1
95%
Blocks2David Robinson2,954
95%
Rebounds2David Robinson10,497
95%
Steals2David Robinson1,388
95%
Points3David Robinson20,790
95%
Assists7David Robinson2,441
95%
Games4David Robinson987
95%
Three Pointers Made7Kawhi Leonard529
90%
Steals9Kawhi Leonard723
90%
Assists6George Gervin2,523
84%
Rebounds3George Gervin4,841
84%
Points Per Game1George Gervin26.3
84%
Games5George Gervin899
84%
Steals3George Gervin1,159
84%
Points2George Gervin23,602
84%
Blocks3George Gervin938
84%
Assists4Manu Ginobili4,001
82%
Points5Manu Ginobili14,043
82%
Steals1Manu Ginobili1,392
82%
Rebounds5Manu Ginobili3,697
82%
Three Pointers Made1Manu Ginobili1,495
82%
Games8Avery Johnson644
68%
Steals10Avery Johnson712
68%
Assists2Avery Johnson4,474
68%
Blocks6George Johnson512
68%
Points10LaMarcus Aldridge7,325
63%
Blocks7LaMarcus Aldridge471
63%
Points Per Game7LaMarcus Aldridge19.5
63%
Triple-Doubles1Dejounte Murray17
53%
Games10Bruce Bowen630
51%
Three Pointers Made4Bruce Bowen661
51%
Triple-DoublesT7DeMar DeRozan1
51%
Points Per Game2DeMar DeRozan21.6
51%
Three Pointers Made3Danny Green959
42%
Blocks9Danny Green450
42%
Field Goal Percent3Tiago Splitter56.0%
39%
Rebounds10Rich Jones3,137
38%
Triple-Doubles6Tre Jones2
38%
Triple-DoublesT7Artis Gilmore1
37%
Blocks5Artis Gilmore700
37%
Rebounds7Artis Gilmore3,671
37%
Field Goal Percent2Artis Gilmore62.0%
37%
Steals4Alvin Robertson1,128
36%
Triple-Doubles3Alvin Robertson8
36%
Assists9Alvin Robertson2,094
36%
Games6Sean Elliott669
35%
Blocks8Jakob Poeltl456
33%
Field Goal Percent1Jakob Poeltl62.2%
33%
Three Pointers Made6Sean Elliott563
33%
Points8Sean Elliott9,659
33%
Games7Patty Mills665
32%
Three Pointers Made2Patty Mills1,171
32%
Triple-DoublesT7Pau Gasol1
24%
Assists8James Silas2,406
17%
Points6James Silas10,290
17%
Points Per Game4Larry Kenon20.7
16%
Points9Larry Kenon8,248
16%
Rebounds4Larry Kenon4,114
16%
Games9Matt Bonner632
15%
Three Pointers Made5Matt Bonner656
15%
Steals7Johnny Moore1,017
13%
Triple-Doubles4Johnny Moore6
13%
Assists5Johnny Moore3,865
13%
Triple-DoublesT7Willie Anderson1
12%
Three Pointers Made10Michael Finley490
11%
Points7Mike Mitchell9,799
9%
Triple-DoublesT7Mike Mitchell1
9%
Points Per Game6Mike Mitchell20.1
9%
Field Goal Percent5Will Perdue55.3%
5%
Three Pointers Made9Bryn Forbes493
4%
Field Goal Percent9DeJuan Blair52.8%
4%
Assists10Mike Gale1,878
4%
Steals8Mike Gale803
4%
Rebounds9Billy Paultz3,203
3%
Blocks4Billy Paultz796
3%
Points Per Game9Cincinnatus Powell19.3
3%
Rebounds6John Beasley3,673
3%
Blocks10Coby Dietrick386
2%
Triple-DoublesT7Dave Greenwood1
2%
Points Per Game5Donnie Freeman20.5
2%
Field Goal Percent10Frank Brickowski52.4%
2%
Field Goal Percent8Gene Banks54.4%
2%
Points Per Game8Glen Combs19.4
2%
Field Goal Percent4Goo Kennedy55.8%
2%
Triple-DoublesT7John Lucas1
2%
Field Goal Percent7Swen Nater54.6%
2%
Field Goal Percent6Walter Berry54.8%
2%

Score Distribution

Percentile by Number Answered

Percent of People with Each Score

Your Score History

You have not taken this quiz since the last reset